Enfoques sobre institucionalismo /

Պահպանված է:
Մատենագիտական մանրամասներ
Հիմնական հեղինակ: Anaya, Alfonso
Ձևաչափ: Տեքստ
Խորագրեր:
Ցուցիչներ: Ավելացրեք ցուցիչ
Չկան պիտակներ, Եղեք առաջինը, ով նշում է այս գրառումը!

MARC

LEADER 00000 a a2200000 04500
001 5306
003
040
100 |a Anaya, Alfonso  
245 |a Enfoques sobre institucionalismo /  |c Alfonso Anaya 
650 |a TEORIA  
650 |a ECONOMIA  
650 |a TEORIA SOCIAL  
773 |g número 272; páginas 45-52  
999 |c 34544  |d 34544